00514nas a22001697a 4500999001500000008004100015245004000056250002200096260005600118300000900174310001400183546001400197590006100211650002300272650003700295942001200332 c1207d1207130305t20009999ag ||||| |||| 00| 0 spa d aThe Journal of respiratory Diseases aEdicion Argentina aBuenos Aires:bAP Americana de Publicaciones,c2000 av. : abimestral aespañol aExistencias: 2000 7(4) BAJA DEPOSITO (CAJA 19) MAYO 2019 aNEUMONOLOGIA91933 aENFERMEDADES RESPIRATORIAS91934 2ddccCR